Die Europäische Union und die Drogenbekämpfung

Saved in:  
Bibliographic Details
Format: Print Book
Language:German
Published: Luxembourg Amt für amtl. Veröff. der Europ. Gemeinschaften [ca. 1997]
In:Year: 1997
Availability in Tübingen:Present in Tübingen.
IFK: 8709
Check availability: HBZ Gateway
Subito Delivery Service: Order now.
Keywords:

MARC

LEADER 00000cam a2200000 c 4500
001 23638208X
003 DE-627
005 20250701204624.0
007 tu
008 971111s1997 lu ||||| 00| ||ger c
016 7 |a 952134284  |2 DE-101 
020 |a 9282810666  |9 92-828-1066-6 
028 5 2 |a CM-06-97-052-DE-C 
035 |a (DE-627)23638208X 
035 |a (DE-576)452008131 
035 |a (DE-599)GBV23638208X 
035 |a (OCoLC)75814952 
040 |a DE-627  |b ger  |c DE-627  |e rakwb 
041 |a ger 
044 |c XA-LU 
084 |a 14  |2 sdnb 
245 0 4 |a Die Europäische Union und die Drogenbekämpfung 
264 1 |a Luxembourg  |b Amt für amtl. Veröff. der Europ. Gemeinschaften  |c [ca. 1997] 
300 |a 8 S  |b Ill., graph. Darst 
336 |a Text  |b txt  |2 rdacontent 
337 |a ohne Hilfsmittel zu benutzen  |b n  |2 rdamedia 
338 |a Band  |b nc  |2 rdacarrier 
583 1 |a Archivierung prüfen  |c 20240324  |f DE-4165  |z 1  |2 pdager 
583 1 |a Archivierung prüfen  |c 20200919  |f DE-640  |z 1  |2 pdager 
689 0 0 |d b  |0 (DE-588)5098525-5  |0 (DE-627)132918269  |0 (DE-576)194702391  |a Europäische Union  |2 gnd 
689 0 1 |d s  |0 (DE-588)4140775-1  |0 (DE-627)105625388  |0 (DE-576)209705663  |a Drogenpolitik  |2 gnd 
689 0 |5 (DE-627) 
889 |w (DE-627)1522008136 
951 |a BO 
ELC |b 1 
LOK |0 000 xxxxxcx a22 zn 4500 
LOK |0 001 2873306793 
LOK |0 003 DE-627 
LOK |0 004 23638208X 
LOK |0 005 20250701204315 
LOK |0 008 150728||||||||||||||||ger||||||| 
LOK |0 035   |a (DE-21-110)kd118997 
LOK |0 040   |a DE-21-110  |c DE-627  |d DE-21-110 
LOK |0 689   |a g  |a Europa 
LOK |0 852   |a DE-21-110 
LOK |0 852 1  |c 8709  |m p  |9 00 
LOK |0 935   |a k110 
LOK |0 938   |k p 
LOK |0 939   |a 28-07-15  |b l01 
ORI |a SA-MARC-krimdoka001.raw 
SIG |a IFK: 8709 
TIM |a 100019931101_100020261231  |b 1993-11-01 - 2026